MARC

LEADER 00000nam0a2200000 4500
001 324004
005 20231102003627.0
035 |a (RuTPU)RU\TPU\book\349593 
090 |a 324004 
100 |a 20161102d1972 km y0rusy50 ca 
101 0 |a rus 
102 |a RU 
105 |a a z 001zy 
200 1 |a Строительство быстровозводимых убежищ и противорадиационных укрытий  |f Ф. И. Остроух 
210 |a Москва  |c Воениздат  |d 1972 
215 |a 136 с.  |c ил. 
225 1 |a Гражданская оборона СССР 
300 |a Авт. указаны на обороте тит. л. 
320 |a Библиогр.: с. 135 
606 1 |a Убежища  |x Постройка  |2 stltpush  |3 (RuTPU)RU\TPU\subj\62230  |9 79371 
606 1 |a Защита от ядерного оружия  |2 stltpush  |3 (RuTPU)RU\TPU\subj\11423  |9 38363 
610 1 |a сооружения 
610 1 |a планировка 
610 1 |a заглубление 
610 1 |a входы 
610 1 |a аварийные выходы 
610 1 |a герметизация 
610 1 |a гидроизоляция 
610 1 |a внутреннее обустройство 
610 1 |a эксплуатация 
675 |a 699.85  |v 4 
700 1 |a Остроух  |b Ф. И.  |g Филипп Иванович 
801 1 |a RU  |b 63413507  |c 20161102 
801 2 |a RU  |b 63413507  |c 20161118  |g RCR 
942 |c BK